Railway Stations in Great Britain Starting with Q - Statistics

General Stats
  • This quiz has been taken 24 times
  • The average score is 4 of 7
Answer Stats
County Passengers (2023/2024) Station % Correct
Greater London 4,183,104 Queens Park
93%
Glasgow City 669,888 Queens Park
93%
Greater London 736,436 Queenstown Road
60%
Greater London 2,748,102 Queens Road Peckham
53%
Kent 179,236 Queenborough
47%
Merthyr Tydfil 19,908 Quakers Yard
40%
Cornwall 3,374 Quintrell Downs
33%
No matching quizzes found
Score Distribution
Percent of People with Each Score
Percentile by Number Answered
Your Score History
You have not taken this quiz